ONE PIECE -Groups of things - Statistics

General Stats
  • This quiz has been taken 391 times
  • The average score is 103 of 142
Answer Stats
Hint Answer % Correct
Captain | Strawhat pirates Monkey D Luffy
100%
Shipwright Franky
99%
Navigator Nami
99%
Strawhat pirates | Swordsman Roronoa Zoro
99%
Archeologist Nico Robin
98%
Doctor Tony Tony Chopper
98%
Sniper Usopp
98%
Cook Vinsmoke Sanji
98%
Helmsman | Sun Pirates Jinbe
97%
Musician Brook
96%
Whitebeard Pirates Edward Newgate (Whitebeard)
95%
2nd ship | Mera Mera No Mi(deceased) | Whitebeard Pirates Portgas D Ace
95%
Beasts Pirates Kaido
93%
1st ship Marco
92%
Pika Pika No Mi | Yellow monkey Borsalino (Kizaru)
91%
Magu Magu No Mi | Red dog Sakazuki (Akainu)
91%
Big Mom Pirates Charlotte Linlin (Big Mom)
90%
Baroque Works | Suna Suna No Mi Crocodile
89%
Red Hair Pirates Figarland Shanks
89%
10th ship | Blue pheasant | Hie Hie No Mi Kuzan (Aokiji)
89%
Heart Pirates Trafalgar D Water Law
89%
Buggy's Delivery | Cross Guild Buggy
88%
Kuraigana Island Dracule Mihawk
86%
Kuja Pirates Boa Hancock
85%
9th ship Doc Q
85%
Roger Pirates Gol D Roger
85%
Kid Pirates Eustass Kid
84%
Big Mom Pirates | Minister of Flour Charlotte Katakuri
83%
Donquixote Pirates Donquixote Doflamingo
83%
Thriller Bark Pirates Gecko Moria
83%
World Government Monkey D Garp
83%
Bonney Pirates Jewelry Bonney
81%
World Government Bartholomew Kuma
80%
Purple tiger Issho (Fujitora)
80%
Blackbeard Pirates Marshall D Teach
80%
The Plague Queen
80%
Science and Defense | World Government Jaygarcia Saturn
78%
Revolutionary Army Monkey D Dragon
78%
Drake Pirates | Tobiroppo X Drake
78%
Minister of Biscuits Charlotte Cracker
77%
Hawkins Pirates Basil Hawkins
74%
Nine Red Scabbards Kin'emon
74%
Fire Tank Pirates Capone Bege
73%
The Drought Jack
73%
On Air Pirates Scratchmen Apoo
73%
Minister of Juice Charlotte Smoothie
72%
Kid Pirates Killer
72%
Mera Mera No Mi Sabo
72%
Barto Club Bartolomeo
71%
3rd ship Jozu
70%
Moku Moku No Mi Smoker
70%
Fallen Monk Pirates Urouge
70%
Environment | World Government Marcus Mars
68%
Yami Yami No Mi Marshall D Teach (Blackbeard)
68%
1st ship Jesus Burgess
66%
Alabasta Kingdom Nefertari D Vivi
65%
Tontatta Pirates Leo
64%
Beautiful Pirates Cavendish
63%
Baterilla Island Portgas D Rouge
63%
Tobiroppo Ulti
63%
Tobiroppo Who's who
63%
Whitebeard's "family" Edward Weevil
62%
2nd ship Shiryu
61%
6th ship Catarina Devon
59%
Nine Red Scabbards Kanjuro
59%
Alabasta Kingdom Nefertari D Cobra
59%
3rd ship Van Augur
59%
5th ship Vista
59%
Green bull | Mori Mori No Mi Aramaki (Ryokugyu)
58%
Tobiroppo Black Maria
58%
Tobiroppo Page One
58%
Goro Goro No Mi Enel
57%
New Giant Warrior Pirates Hajrudin
57%
Mokomo Dukedom Nekomamushi / Catviper
57%
Elbaph Island Jaguar D Saul
56%
5th ship Laffitte
56%
Nine Red Scabbards Raizo
56%
Rocks Pirates Rocks D Xebec
56%
Agriculture Shepherd Ju Peter
56%
Mokomo Dukedom Inuarashi / Dogstorm
55%
16th ship Izo
55%
Happo Navy Sai
55%
Nine Red Scabbards Kawamatsu
54%
Nine Red Scabbards Kikunojo (O-kiku)
53%
Roger Pirates Silvers Rayleigh
53%
Justice | World Government Topman Warcury
53%
Numa Numa No Mi Caribou
52%
7th ship Sanjuan Wolf
52%
4th ship Avalo Pizarro
51%
8th ship Vasco Shot
51%
Nine Red Scabbards Ashura Doji
50%
4th ship Thatch
50%
Ideo Pirates Ideo
49%
Tobiroppo Sasaki
49%
World Government Sengoku
49%
Kozuki family Kozuki Oden
48%
Yuki Yuki No Mi(deceased) Monet
48%
Alabasta Kingdom Nefertari D Lili
48%
Yonta Maria Grand Fleet Orlumbus
48%
Finances Ethanbaron V. Nusjuro
44%
Gasu Gasu No Mi Caesar Clown
40%
Ohara Island Claw D Clover
40%
The Conflagration King (Alber)
38%
Ninja-Pirate-Mink-Samurai Alliance Yamato
37%
Susu Susu No Mi Karasu
33%
Happo Navy Chinjao
31%
Nine Red Scabbards Denjiro (Kyoshiro)
22%
Big Mom Pirates Charlotte Linlin
20%
No matching quizzes found
Score Distribution
Percent of People with Each Score
Percentile by Number Answered
Your Score History
You have not taken this quiz